Т. 1: Деньги в феодальном хозяйстве; Очерки истории денег и денежного обращения

Bibliographic Details
Parent link:Очерки истории денег и денежного обращения: в 5 т./ Ф. И. Михалевский. Т. 1: Деньги в феодальном хозяйстве.— , 1948-
Language:Russian
Published: 1948
Subjects:
Format: Book
KOHA link:https://koha.lib.tpu.ru/cgi-bin/koha/opac-detail.pl?biblionumber=18168

MARC

LEADER 00000nam0a2200000 4500
001 18168
005 20231030191205.0
035 |a (RuTPU)RU\TPU\book\18317 
035 |a BOOK00003005 
090 |a 18168 
100 |a 20011209d1948 km y0rusy50 ca 
101 0 |a rus 
102 |a RU 
105 |a a z 000zy 
200 0 |a Т. 1: Деньги в феодальном хозяйстве 
210 |d 1948 
215 |a 264 с. 
461 |t Очерки истории денег и денежного обращения  |o в 5 т.  |f Ф. И. Михалевский  |v Т. 1: Деньги в феодальном хозяйстве  |d 1948- 
610 1 |a экономика 
610 1 |a экономическая история 
610 1 |a деньги 
610 1 |a денежное обращение 
610 1 |a феодализм 
610 1 |a Западная Европа 
610 1 |a монеты 
610 1 |a чеканка 
610 1 |a функции 
610 1 |a крестовые походы 
610 1 |a монетное дело 
610 1 |a Франция 
610 1 |a реформы 
610 1 |a Германия 
610 1 |a Англия 
610 1 |a Киевская Русь 
610 1 |a Новгородская Русь 
610 1 |a 9 век 
610 1 |a 10 век 
610 1 |a 11 век 
610 1 |a 12 век 
610 1 |a 13 век 
610 1 |a 14 век 
610 1 |a средневековье 
686 |a У9(2)262.6  |v LBC/SL-A  |2 rubbk 
801 0 |a RU  |b 63413507  |c 20011209  |g PSBO 
801 2 |a RU  |b 63413507  |c 20121210  |g PSBO 
942 |c BK